UBT Library

Protozoan parasites of domestic animals and of man. (Record no. 43373)

000 -LEADER
fixed length control field 00573cam a22002291 4500
001 - CONTROL NUMBER
control field 7027179
005 - DATE AND TIME OF LATEST TRANSACTION
control field 20180224072031.0
008 - FIXED-LENGTH DATA ELEMENTS--GENERAL INFORMATION
fixed length control field 720127s1961 mnua b 000 0 eng
010 ## - LIBRARY OF CONGRESS CONTROL NUMBER
LC control number 61009214
035 ## - SYSTEM CONTROL NUMBER
System control number (OCoLC)229068
040 ## - CATALOGING SOURCE
Original cataloging agency DLC
Transcribing agency OBlC
Modifying agency OCoLC
-- WY@
-- DLC
041 ## - LANGUAGE CODE
Language code of text/sound track or separate title eng
042 ## - AUTHENTICATION CODE
Authentication code premarc
080 ## - UNIVERSAL DECIMAL CLASSIFICATION NUMBER
Universal Decimal Classification number 591
082 ## - DEWEY DECIMAL CLASSIFICATION NUMBER
Edition number 591 LEV
100 1# - Rafti
Rafti 7
101 ## - Shkurtesa
Shkurtesa ZOO
245 10 - TITLE STATEMENT
Title Protozoan parasites of domestic animals and of man.
504 ## - BIBLIOGRAPHY, ETC. NOTE
Bibliography, etc Includes bibliography.
906 ## - LOCAL DATA ELEMENT F, LDF (RLIN)
a 7
b cbc
c oclcrpl
d u
e ncip
f 19
g y-gencatlg
942 ## - ADDED ENTRY ELEMENTS (KOHA)
Source of classification or shelving scheme
Item type Books
Holdings
Withdrawn status Lost status Source of classification or shelving scheme Damaged status Not for loan Collection code Permanent location Current location Shelving location Date acquired Total Checkouts Full call number Barcode Date last seen Price effective from Koha item type
          Koleksioni i përgjithshem UBT - Lipjan UBT - Lipjan Koleksioni i përgjithshem 02/24/2018   591 LEV 002-2999985 02/24/2018 02/24/2018 Books
UBT Library © 2015-2024. All rights reserved University Education for Business and Technology